Music Quiz

Random Music or Album Quiz

Jimmy Buffett Albums Quiz Stats

 Plays Quiz Updated Feb 27, 2018

Challenge
Share
Tweet
Embed
Score 0/29 Timer 06:00
0 Plays Today
Year Album Title % Correct
1994Fruitcakes
55.8%
1974A1A
51.4%
1979Volcano
49.8%
1996Banana Wind
46.5%
1978Son of a Son of a Sailor
44.3%
2004License to Chill
42.9%
1973A White Sport Coat and a Pink Crustacean
42.5%
1999Beach House On the Moon
40.6%
1995Barometer Soup
39.6%
1974Living and Dying in 3/4 Time
39.5%
1989Off to See the Lizard
39.3%
1981Coconut Telegraph
39.2%
1978Changes in Latitudes, Changes in Attitudes
38.2%
1986Floridays
37.1%
1985Last Mango In Paris
35.6%
Year Album Title % Correct
2013Songs from St. Somewhere
34.9%
2016'Tis the SeaSon
34.2%
1976Havana Daydreamin'
34.1%
1983One Particular Harbour
33.8%
2006Take the Weather With You
31.2%
1998Don't Stop the Carnival
30.2%
2002Far Side of the World
29.5%
1988Hot Water
28.9%
1981Somewhere Over China
26.4%
1971High Cumberland Jubilee
25.9%
1984Riddles In the Sand
25.3%
1970Down To Earth
22.6%
1996Christmas Island
22.4%
2009Buffet Hotel
9%

You're not logged in!

Compare scores with friends on all Sporcle quizzes.
OR
Log In

You Might Also Like...

Show Comments

Extras

Top Quizzes Today


Score Distribution

Your Account Isn't Verified!

In order to create a playlist on Sporcle, you need to verify the email address you used during registration. Go to your Sporcle Settings to finish the process.

Report this User

Report this user for behavior that violates our Community Guidelines.

Details: